004810000a22001450004500060000800000082002000008100001700028245005000045260005900095260000900154650002900163942000700192999001900199952011700218 a100 a582.130 433 MAH aMaheswari, P aIntroduction to the Embryology of Angiosperms aBombay, Tata mc graw - hill publishing company limited c1950 aAngiosperms / Embryology cBK c351797d351797 00104070aKAUCOAVbKAUCOAVd2014-05-02l0o582.130 433 MAHpKAU_COAV-9073r2014-05-02 00:00:00w2014-05-02yBK